[Event "XXXI Campeonato Regional Absoluto Individual"]
[Site "Museo del Vino - Jumilla 2016"]
[Date "2016.04.23"]
[Round "4.10"]
[White "Felix Sabater Sánchez"]
[Black "Juan Sergio Pérez Hernández"]
[WhiteElo "1988"]
[BlackElo "1838"]
[Result "0-1"]

1. d4 d5 2. c4 e6 3. Nc3 Nf6 4. Bg5 Be7 5. e3 O-O 6. Nf3 b6 7. cxd5 exd5 8. Bd3 Bb7 
9. O-O Nbd7 10. Rc1 h6 11. Bf4 c5 12. Nb5 Ne4 13. dxc5 Ndxc5 14. Nbd4 Rc8 15. Nf5 Re8 
16. N3d4 Bd6 17. Bb5 Rf8 18. Qg4 Qf6 19. Bxh6 Ne6 20. Bf4 Bxf4 21. Nxe6 fxe6 
22. Nd4 Rxc1 23. Rxc1 Be5 24. Qxe6+ Qxe6 25. Nxe6 Rxf2 26. Nd8 Rxb2 27. Bd7 Nc5 
28. Nxb7 Nxd7 29. Rc8+ Kh7 30. Rd8 Nf6 0-1

[Event "XXXI Campeonato Regional Absoluto Individual"]
[Site "Museo del Vino - Jumilla 2016"]
[Date "2016.04.23"]
[Round "4.12"]
[White "Manuel Giménez Gil"]
[Black "Maria del Pilar López García"]
[WhiteElo "1727"]
[BlackElo "1605"]
[Result "1-0"]

1. e4 c5 2. Nf3 e6 3. d4 cxd4 4. Nxd4 a6 5. Bc4 d6 6. Nc3 Nf6 7. Bb3 b5 8. a3 Bb7 
9. f3 Nbd7 10. O-O Be7 11. Kh1 Qc7 12. Bxe6 fxe6 13. Nxe6 Qc6 14. Nxg7+ Kd8 
15. Nf5 Re8 16. Bf4 Kc7 17. Qd4 Qc5 18. Rad1 Qxd4 19. Rxd4 Ne5 20. Rfd1 Rad8 21. Ng7 Bc8 
22. Nxe8+ Rxe8 23. Bg5 Nf7 24. Bxf6 Bxf6 25. Nd5+ 1-0

[Event "XXXI Campeonato Regional Absoluto Individual"]
[Site "Museo del Vino - Jumilla 2016"]
[Date "2016.04.23"]
[Round "4.13"]
[White "Lázaro Salar Pagán"]
[Black "Francisco Pérez García"]
[WhiteElo "1654"]
[BlackElo "1537"]
[Result "1/2-1/2"]

1. e4 c5 2. Nf3 Nc6 3. d4 cxd4 4. Nxd4 e6 5. g3 Bc5 6. c3 Qb6 7. Bg2 Nxd4 8. cxd4 Bxd4 
9. Qd2 Ne7 10. O-O d6 11. Na3 Bc5 12. Nc4 Qa6 13. Ne3 Nc6 14. a3 Nd4 15. Rb1 Bd7 
16. Re1 Rc8 17. b4 Bb6 18. Bb2 e5 19. Nd5 h6 20. Nxb6 Qxb6 21. Bxd4 Qxd4 22. Qxd4 exd4 
23. e5 dxe5 24. Rxe5+ Be6 25. Bxb7 Rc3 26. Rd1 Rxa3 27. Rxd4 O-O 28. Rc5 Rb8 
29. Be4 g6 30. Ra5 Rxa5 31. bxa5 Rb5 32. a6 Ra5 33. Bb7 Bh3 34. Rd1 Kg7 35. f4 Bg4 
36. Re1 Be6 37. Rc1 Bh3 38. Rc2 Bf5 39. Rd2 Bh3 40. Kf2 Ra3 41. Rc2 h5 42. Rd2 Bg4 
43. Kg2 Be6 44. Rd8 Bc4 45. Rd6 Ra2+ 46. Kg1 Ra1+ 47. Kf2 Ra2+ 48. Kg1 Ra1+ 1/2-1/2

[Event "XXXI Campeonato Regional Absoluto Individual"]
[Site "Museo del Vino - Jumilla 2016"]
[Date "2016.04.23"]
[Round "4.14"]
[White "Pablo Jiménez Ruiz"]
[Black "Jose Alfredo Caballero Frutos"]
[WhiteElo "1551"]
[BlackElo "1639"]
[Result "1-0"]

1. d4 d5 2. Nf3 Nf6 3. e3 c5 4. b3 Nc6 5. Bb2 Bg4 6. Nbd2 e6 7. a3 cxd4 8. exd4 Bd6 
9. Bd3 O-O 10. O-O Rc8 11. Qe1 Qb6 12. c4 Bxf3 13. c5 Bxh2+ 14. Kxh2 Qc7+ 15. g3 Bh5 
16. Rh1 Rce8 17. Kg2 Bg6 18. Bxg6 fxg6 19. Qg1 Qf7 20. Qh2 h6 21. f3 Nh5 22. Rae1 Qf5 
23. Re2 Qg5 24. Kf2 Nf6 25. Kg2 Qf5 26. Rhe1 Qd3 27. Qg1 Qf5 28. g4 Nxg4 29. fxg4 Qxg4+ 
30. Kh1 Qxg1+ 31. Kxg1 Rf6 32. b4 a6 33. Bc3 Kf7 34. a4 Rf4 35. Rf2 g5 36. b5 axb5 
37. axb5 Ne7 38. Ref1 Rxf2 39. Rxf2+ Kg6 40. Nf3 Nf5 41. Ne5+ Kf6 42. c6 bxc6 
43. bxc6 Ke7 44. Bb4+ Kd8 45. Ra2 Kc7 46. Ra7+ Kb6 47. Rb7+ Ka6 48. Nd7 1-0

[Event "XXXI Campeonato Regional Absoluto Individual"]
[Site "Museo del Vino - Jumilla 2016"]
[Date "2016.04.23"]
[Round "4.15"]
[White "Pedro Salmerón Castro"]
[Black "José Joaquín Sánchez Fernández"]
[WhiteElo "1360"]
[BlackElo "1939"]
[Result "0-1"]

1. e4 c5 2. Nf3 Nc6 3. d4 cxd4 4. Nxd4 g6 5. Nc3 Bg7 6. Be3 Nf6 7. h3 O-O 8. Qd2 d5 
9. Nxc6 bxc6 10. e5 Nd7 11. f4 e6 12. g3 c5 13. Bf2 Rb8 14. Rb1 Qa5 15. a3 f6 16. Bg2 fxe5 
17. O-O exf4 18. Qe2 Ne5 19. gxf4 Ba6 20. Qe1 Bxf1 21. Kxf1 Rxf4 22. Kg1 d4 23. Bg3 Rf5 
24. b4 Qxa3 25. Rb3 Qa6 26. Ne4 c4 27. Nc5 Qd6 28. Ra3 d3 29. Ra6 Qd4+ 30. Kh1 dxc2 
31. Ra1 Rxb4 32. Nxe6 Qxa1 33. Kh2 Qxe1 34. Bxe1 c1=Q 35. Bxb4 Nf3+ 0-1

[Event "XXXI Campeonato Regional Absoluto Individual"]
[Site "Museo del Vino - Jumilla 2016"]
[Date "2016.04.23"]
[Round "4.16"]
[White "Juan Antonio Martínez Martínez"]
[Black "Roberto Patricio López Arroniz"]
[WhiteElo "1680"]
[BlackElo "1422"]
[Result "1-0"]

1. Nf3 d5 2. d4 Nf6 3. Bg5 Bf5 4. e3 h6 5. Bxf6 exf6 6. g3 Bd6 7. Bg2 Nd7 8. Nbd2 O-O 
9. O-O c6 10. Re1 Re8 11. c4 dxc4 12. Nxc4 Bb4 13. Nfd2 Nb6 14. Qb3 Nxc4 15. Qxc4 Qd7 
16. Qc2 Bxd2 17. Qxd2 Qd6 18. Rac1 Rac8 19. Qa5 a6 20. Qxf5 Qb4 21. Qc2 f5 22. Qc3 Qxc3 
23. bxc3 1-0

[Event "XXXI Campeonato Regional Absoluto Individual"]
[Site "Museo del Vino - Jumilla 2016"]
[Date "2016.04.23"]
[Round "4.17"]
[White "Carlos Javier Molina Molina"]
[Black "Francisco Javier Tomás Alonso"]
[WhiteElo "1643"]
[BlackElo "1422"]
[Result "1-0"]

1. e4 c5 2. Nc3 e6 3. Nf3 Nc6 4. d4 d5 5. exd5 exd5 6. Bb5 a6 7. Bxc6+ bxc6 8. O-O Nf6 
9. Re1+ Be6 10. Ng5 Qd7 11. Nxe6 fxe6 12. Bg5 cxd4 13. Bxf6 gxf6 14. Qh5+ Kd8 
15. Na4 Rb8 16. f4 Rb4 17. b3 d3 18. cxd3 Rxf4 19. Kh1 Bd6 20. Nb6 Qc7 21. Na4 Rf5 
22. Qh3 Re5 23. Rxe5 Bxe5 24. Nc5 Qe7 25. Rc1 Re8 26. Nxa6 Qa3 27. Rxc6 Qxa2 28. Qe3 Qxb3 
29. Qc1 Qxd3 30. Nc5 Qb5 31. Nxe6+ Kd7 32. Rc5 Qe2 33. Rc2 Qh5 34. Nc5+ Ke7 35. h3 Qg6 
36. Ra2 Qg3 37. Ra7+ Kf8 38. Qh6+ Kg8 39. Qxh7+ 1-0

[Event "XXXI Campeonato Regional Absoluto Individual"]
[Site "Museo del Vino - Jumilla 2016"]
[Date "2016.04.23"]
[Round "4.18"]
[White "Antonio Palao Morales"]
[Black "Fidel Torres Gómez"]
[WhiteElo "1637"]
[BlackElo "1268"]
[Result "1-0"]

1. e4 d6 2. d4 Nc6 3. Nf3 Nf6 4. Nc3 Bg4 5. Be2 Bxf3 6. Bxf3 e5 7. Be3 Be7 8. d5 Nb4 
9. a3 Na6 10. O-O Qd7 11. b4 c6 12. Qd3 b5 13. dxc6 Qxc6 14. Qxb5 Qxb5 15. Nxb5 O-O 
16. Nxa7 g5 17. Nc6 Rae8 18. Nxe7+ Rxe7 19. Bxg5 Kg7 20. Rfd1 Re6 21. Rd2 Nc7 
22. c4 Ng8 23. h3 f5 24. Be3 f4 25. Bb6 Ne8 26. c5 Rh6 27. cxd6 Nxd6 28. Bc5 Rff6 
29. Rd5 Nf7 30. Rd7 Rfg6 31. Kh2 Kf6 32. Rc7 Rg5 33. Rc6+ Kg7 34. Rxh6 Nfxh6 35. a4 Nf7 
36. a5 Rg6 37. a6 Ng5 38. a7 Nxf3+ 39. gxf3 1-0

[Event "XXXI Campeonato Regional Absoluto Individual"]
[Site "Museo del Vino - Jumilla 2016"]
[Date "2016.04.23"]
[Round "4.21"]
[White "Francisco Javier Baños Cumbrera"]
[Black "Jose Miguel Abad Gonzalezl"]
[WhiteElo "1531"]
[BlackElo "1848"]
[Result "1-0"]

1. e4 c5 2. Nf3 d6 3. d4 cxd4 4. Nxd4 Nf6 5. Nc3 a6 6. a4 e5 7. Nde2 Be7 8. g3 Bg4 
9. Bg2 Qd7 10. O-O O-O 11. f3 Bh3 12. Be3 Nc6 13. Qd2 Rfd8 14. Nd5 Nxd5 15. exd5 Nb8 
16. c4 Bxg2 17. Kxg2 Qc7 18. Rac1 Nd7 19. Qc2 Rdc8 20. b3 b5 21. f4 Nb6 22. Bxb6 Qxb6 
23. fxe5 dxe5 24. Qf5 f6 25. g4 bxc4 26. bxc4 g6 27. Qd3 Qc5 28. Ng3 Kg7 29. Ne4 Qb4 
30. d6 Rd8 31. Rb1 Qxa4 32. Rb7 Rd7 33. Qd5 Rc8 34. dxe7 Qxc4 35. Rxd7 Qe2+ 
36. Nf2 1-0

[Event "XXXI Campeonato Regional Absoluto Individual"]
[Site "Museo del Vino - Jumilla 2016"]
[Date "2016.04.23"]
[Round "4.22"]
[White "Sergio Sánchez Gómez"]
[Black "Ana Isabel Duran Cerezo"]
[WhiteElo "1235"]
[BlackElo "1258"]
[Result "1-0"]

1. d4 d5 2. c4 e6 3. Nc3 Nf6 4. Bg5 Be7 5. e3 c6 6. Bd3 Ne4 7. Bxe7 Qxe7 8. Nxe4 dxe4 
9. Bxe4 Qb4+ 10. Qd2 Qxd2+ 11. Kxd2 O-O 12. Nf3 h6 13. Ne5 f5 14. Bf3 a5 15. Rhd1 Ra7 
16. c5 Nd7 17. Ng6 Rf6 18. Ne7+ Kf8 19. Nxc8 Ra8 20. Nd6 Rb8 21. Nc4 a4 22. Rdb1 g5 
23. Nb6 Nxb6 24. cxb6 g4 25. Be2 Rd8 26. Kc3 Re8 27. g3 e5 28. dxe5 Rxe5 29. Rd1 Ke7 
30. Bc4 c5 31. Bb5 Rxb6 32. Bxa4 Ra6 33. Rd7+ Kf6 34. Bb3 Re4 35. a3 b5 36. Bd5 Rea4 
37. Rc7 b4+ 38. Kb3 R4a5 39. Bc4 Rd6 40. Kc2 Rb6 41. a4 Ke5 42. b3 h5 43. Rd1 Kf6 
44. Rd5 Kg5 45. Rcxc5 Rxc5 46. Rxc5 h4 47. Bd3 hxg3 48. hxg3 Rh6 49. Rxf5+ Kg6 
50. Rf4+ Kg5 51. Rxb4 Rh2 52. Rf4 Rh1 53. Be2 Ra1 54. Rxg4+ Kf5 55. Rf4+ Ke5 
56. g4 Ra2+ 57. Kd3 Rb2 58. Bd1 Kd6 59. g5 1-0

[Event "XXXI Campeonato Regional Absoluto Individual"]
[Site "Museo del Vino - Jumilla 2016"]
[Date "2016.04.23"]
[Round "4.23"]
[White "José Gil Villaescusa"]
[Black "Diego Juan García López"]
[WhiteElo "1423"]
[BlackElo "1247"]
[Result "1-0"]

1. d4 Nf6 2. c4 e6 3. Nc3 Bb4 4. Qc2 c5 5. dxc5 Bxc5 6. Bg5 Bxf2+ 7. Kd1 Bc5 8. Ne4 Be7 
9. Bxf6 Bxf6 10. Nd6+ Ke7 11. Ne4 Qb6 12. Nxf6 Qd4+ 13. Ke1 Qxf6 14. Rd1 Rd8 15. Nf3 h6 
16. g3 Nc6 17. Bg2 e5 18. Rf1 Qe6 19. Nh4 Nd4 20. Qd3 Rf8 21. Bd5 Qb6 22. e3 Ne6 
23. Nf5+ Kd8 24. b3 Nc5 25. Qc3 d6 26. Nxd6 f6 27. Nb5 Ke8 28. Bf3 Bf5 29. Nd6+ 1-0

[Event "XXXI Campeonato Regional Absoluto Individual"]
[Site "Museo del Vino - Jumilla 2016"]
[Date "2016.05.07"]
[Round "5.1"]
[White "Luis Fernández Alvarez"]
[Black "Emilio Miguel Sánchez Jerez"]
[WhiteElo "2085"]
[BlackElo "2272"]
[BlackTitle "FM"]
[Result "0-1"]

1. Nf3 g6 2. g3 Nf6 3. Bg2 Bg7 4. O-O O-O 5. d3 d5 6. Nc3 d4 7. Na4 Nd5 8. Bd2 b5 
9. c4 bxa4 10. cxd5 Bb7 11. Qxa4 Bxd5 12. Rac1 Nd7 13. b4 Nb6 14. Qc2 Rc8 
15. a4 Qd7 16. a5 Na4 17. Ne5 Bxe5 18. Bxd5 Nc3 19. Bxc3 dxc3 20. Bc4 c5 
21. b5 Kg7 22. e3 f5 23. Qb3 Rb8 24. Rb1 h5 25. b6 axb6 26. axb6 h4 27. b7 hxg3 
28. fxg3 Rh8 29. Rf2 Rh3 30. Rg2 e6 31. Qb5 Qe7 32. Qc6 Rd8 33. Rc2 Rhh8 
34. Qxe6 Qxe6 35. Bxe6 Rxd3 36. Bc8 Rd2 37. Rxc3 Rdxh2 38. b8=Q Bxb8 
39. Rxb8 Rh1+ 40. Kf2 R8h2+ 0-1

[Event "XXXI Campeonato Regional Absoluto Individual"]
[Site "Museo del Vino - Jumilla 2016"]
[Date "2016.05.07"]
[Round "5.2"]
[White "Leopoldo González Brusi"]
[Black "Iban Lucas Vega"]
[WhiteElo "1923"]
[BlackElo "2209"]
[WhiteTitle "AGM"]
[Result "1-0"]

1. e4 e6 2. d4 d5 3. exd5 exd5 4. Nf3 Nf6 5. c4 Bb4+ 6. Nc3 O-O 7. Bd3 Nc6 8. O-O dxc4 9. Bxc4 Bg4 
10. Be3 a6 11. a3 Ba5 12. h3 Bxf3 13. Qxf3 Qd6 14. Nd5 Nxd5 15. Bxd5 Nd8 16. Rfd1 c6 17. Ba2 Bc7 
18. g3 Qd7 19. Kg2 Bd6 20. Rac1 Rc8 21. b4 b6 22. d5 c5 23. bxc5 bxc5 24. Bc4 a5 25. Bd2 Qa4 
26. Qd3 Nb7 27. Bc3 Qd7 28. Bb5 Qc7 29. a4 f5 30. f4 Rb8 31. Re1 Rf7 32. Qd2 g5 33. Bb2 Bf8 
34. Be5 Bd6 35. h4 Bxe5 36. fxe5 gxh4 37. d6 Nxd6 38. Qxd6 Qb7+ 39. Qc6 Qxc6+ 40. Bxc6 Rg7 
41. Rc3 f4 42. Bb5 fxg3 43. Rf3 Rd8 44. Re2 Rgd7 45. Rc2 Rc7 46. Re3 {Ilegible} 1-0

[Event "XXXI Campeonato Regional Absoluto Individual"]
[Site "Museo del Vino - Jumilla 2016"]
[Date "2016.05.07"]
[Round "5.3"]
[White "Alejandro Castellanos Gómez"]
[Black "Felipe Alcaraz Martínez"]
[WhiteElo "2137"]
[BlackElo "1887"]
[Result "1-0"]

1. d4 d5 2. Bf4 Nf6 3. Nf3 e6 4. e3 c5 5. c3 Nc6 6. Nbd2 Bd6 7. Bg3 O-O 8. Bd3 b6 9. Ne5 Bb7 
10. f4 Ne7 11. Qf3 Nf5 12. O-O Be7 13. Rad1 Nd6 14. f5 Nfe4 15. fxe6 fxe6 16. Qg4 Rxf1+ 
17. Nxf1 Nf5 18. Bxe4 dxe4 19. dxc5 Qc8 20. cxb6 axb6 21. a3 Bd5 22. Bf4 Bc5 23. Qg5 Bb3 
24. Rd7 Ba4 25. Rd2 Be7 26. Qg4 Bf6 27. Qh3 Ra5 28. Ng4 Be7 29. Ng3 Qc4 30. Nxf5 exf5 
31. Nf2 Qa2 32. g3 Qb1+ 33. Qf1 Qa2 34. b4 Qxd2 35. bxa5 Qxc3 36. axb6 Bc6 37. Qa6 g5 
38. Qc8+ Kg7 39. Qc7 gxf4 40. Qxe7+ Kg6 41. Qe6+ Kg7 42. gxf4 Qc5 43. Qe5+ Qxe5 44. fxe5 Kf7 
45. Nh3 h6 46. Nf4 Ke7 47. a4 Kd8 48. a5 Bb5 49. Ne6+ Kc8 50. Nc5 Bc6 51. a6 Be8 52. a7 Bc6 
53. e6 1-0

[Event "XXXI Campeonato Regional Absoluto Individual"]
[Site "Museo del Vino - Jumilla 2016"]
[Date "2016.05.07"]
[Round "5.4"]
[White "Pedro Pol Plazas"]
[Black "Sonia Gil Quilez"]
[WhiteElo "1888"]
[BlackElo "2060"]
[BlackTitle "WFM"]
[Result "0-1"]

1. e4 c5 2. Nf3 Nc6 3. d4 cxd4 4. Nxd4 e5 5. Nb5 a6 6. Nd6+ Bxd6 7. Qxd6 Qf6 8. Qd1 Qg6 9. Nc3 d5 
10. Nxd5 Qxe4+ 11. Ne3 Be6 12. Bd3 Qh4 13. g3 Qf6 14. O-O O-O-O 15. Qe1 Bh3 16. Ng2 Rxd3 17. cxd3 Qf3 
18. Ne3 Bxf1 19. Qxf1 Nge7 20. Bd2 Nd4 21. Rc1+ Kb8 22. Qd1 Nec6 23. Bc3 Rd8 24. Qxf3 Nxf3+ 25. Kg2 Nfd4 
26. Rd1 b5 27. a3 f6 28. f3 a5 29. Kf2 Kb7 30. h4 b4 31. Be1 Kb6 32. Nc4+ Kb5 33. h5 Nb3 34. Ke3 Nc5 
35. g4 Nd4 36. axb4 axb4 37. Bh4 Nc2+ 38. Ke2 Nd4+ 39. Ke3 h6 40. Bg3 Nde6 41. Bh2 Nxd3 42. Rxd3 Rxd3+ 
43. Kxd3 Nc5+ 44. Kc2 Kxc4 45. Bg1 b3+ 46. Kc1 Nd3+ 0-1

[Event "XXXI Campeonato Regional Absoluto Individual"]
[Site "Museo del Vino - Jumilla 2016"]
[Date "2016.05.07"]
[Round "5.5"]
[White "Juan Sergio Pérez Hernández"]
[Black "Luis Gómez Palazón"]
[WhiteElo "1838"]
[BlackElo "2052"]
[Result "1-0"]

1. d4 e6 2. Nf3 c5 3. c3 d5 4. Bf4 Nc6 5. e3 Qb6 6. Qc1 Nf6 7. Nbd2 Bd7 8. Rb1 Rc8 9. Qd1 Be7 
10. Bd3 O-O 11. O-O h6 12. Re1 Rfd8 13. h3 Ne8 14. Ne5 Nxe5 15. dxe5 f6 16. Qf3 fxe5 17. Bxe5 Nf6 
18. Qg3 Be8 19. f4 Nh5 20. Qf2 Nf6 21. Nf3 Rd7 22. Bc2 Bd8 23. g4 Ne4 24. Qg2 Bf6 25. g5 hxg5 
26. fxg5 Bxe5 27. Nxe5 Qc7 28. Nxd7 Bg6 29. Rbd1 Rd8 30. Nxc5 Qxc5 31. h4 Rf8 32. Re2 Bh5 33. Bxe4 dxe4 
34. Rf1 Bf3 35. Qh2 Bxe2 36. Rxf8+ Kxf8 37. Qxe2 Ke7 38. Qd2 Qe5 39. Qh2 Qc5 40. Qf4 Qd5 41. Kg2 Qd2+ 
42. Qf2 Qd1 43. Kg3 Qd6+ 44. Qf4 e5 45. Qf2 Qd1 46. a3 Qd7 47. Qe2 Qf5 48. Qg4 Qf1 49. Qxe4 1-0

[Event "XXXI Campeonato Regional Absoluto Individual"]
[Site "Museo del Vino - Jumilla 2016"]
[Date "2016.05.07"]
[Round "5.6"]
[White "Antonio Galiano Martínez"]
[Black "José Carlos Martinez Bastida"]
[WhiteElo "1946"]
[BlackElo "1650"]
[Result "1-0"]

1. d4 b5 2. e4 Bb7 3. Nd2 a6 4. Ngf3 e6 5. Bd3 c5 6. c3 Nf6 7. O-O Nc6 8. Re1 cxd4 9. cxd4 Nb4 
10. Bb1 d5 11. e5 Nd7 12. Nf1 Qb6 13. b3 Nc6 14. a3 a5 15. Bb2 Ba6 16. Ng3 g6 17. Qd2 b4 
18. a4 Ne7 19. Ne2 Rg8 20. g4 h5 21. h3 Rh8 22. Kg2 Bh6 23. Qd1 Nc6 24. Nc1 Rg8 25. Bd3 O-O-O 
26. Bxa6+ Qxa6 27. Nd3 Kb7 28. Bc1 Bxc1 29. Rxc1 Qb6 30. Nc5+ Nxc5 31. Rxc5 Rc8 32. Rb5 Qxb5 
33. axb5 Na7 34. Qa1 Kb6 35. Rc1 hxg4 36. hxg4 Nxb5 37. Ng5 Rc3 38. Rxc3 bxc3 39. Nxf7 c2 
40. Nd6 Rg7 41. Nxb5 Kxb5 42. Qc3 1-0

[Event "XXXI Campeonato Regional Absoluto Individual"]
[Site "Museo del Vino - Jumilla 2016"]
[Date "2016.05.07"]
[Round "5.7"]
[White "Ángel Murcia Paredes"]
[Black "José Antonio Carrillo Conesa"]
[WhiteElo "2128"]
[BlackElo "1673"]
[WhiteTitle "CM"]
[Result "1-0"]

1. e4 c6 2. d4 d5 3. exd5 cxd5 4. c4 Nf6 5. Nc3 Nc6 6. Nf3 Bg4 7. cxd5 Nxd5 8. Bc4 e6 9. Bb5 a6 
10. Bxc6+ bxc6 11. h3 Bxf3 12. Qxf3 Bb4 13. O-O O-O 14. a3 Be7 15. Be3 Rb8 16. Na4 Qa5 17. Qd1 Nxe3 
18. fxe3 Qg5 19. Rf3 Rfd8 20. Qc2 Qb5 21. Raf1 Bf6 22. b4 Rbc8 23. Nc5 Rc7 24. a4 Qxb4 25. Nxa6 Qb6 
26. Nxc7 Qxc7 27. Qc4 Rf8 28. Rc1 Rc8 29. Kh1 Qa5 30. e4 Bd8 31. d5 exd5 32. exd5 c5 33. d6 Qa7 
34. Rcf1 Bf6 35. Rxf6 gxf6 36. Qg4+ 1-0

[Event "XXXI Campeonato Regional Absoluto Individual"]
[Site "Museo del Vino - Jumilla 2016"]
[Date "2016.05.07"]
[Round "5.8"]
[White "José Ruiz García"]
[Black "Asensio Sabater Sánchez"]
[WhiteElo "1836"]
[BlackElo "2050"]
[Result "1-0"]

1. d4 d5 2. c4 e6 3. Nc3 c6 4. e3 Bd6 5. Nf3 Nf6 6. b3 O-O 7. Bd3 Nbd7 8. Qc2 e5 9. dxe5 Nxe5 
10. Nxe5 Bxe5 11. Bb2 dxc4 12. Bxc4 Re8 13. Ne2 Bxb2 14. Qxb2 b5 15. Rd1 Qa5+ 16. b4 Qb6 
17. Bd3 a5 18. a3 axb4 19. axb4 Nd5 20. O-O Bg4 21. Rd2 Bxe2 22. Bxe2 Ra4 23. Rd4 Rea8 24. Bf3 Ra2 
25. Qb1 Nc3 26. Qd3 R2a3 27. Qf5 Ra2 28. Rd7 Rf8 29. h4 Raa8 30. Rc1 Nd5 31. Bxd5 cxd5 32. Rxd5 Rfb8 
33. Rd7 Rf8 34. Rcc7 h6 35. Rb7 Qc6 36. Rxb5 g6 37. Qd5 Ra1+ 38. Kh2 Qf6 39. Qd4 Qa6 40. Rb6 1-0

[Event "XXXI Campeonato Regional Absoluto Individual"]
[Site "Museo del Vino - Jumilla 2016"]
[Date "2016.05.07"]
[Round "5.9"]
[White "Pablo Gil Manzano"]
[Black "Daniel Alarcón Olmos"]
[WhiteElo "1685"]
[BlackElo "2049"]
[Result "0-1"]

1. d4 g6 2. e4 Bg7 3. Nc3 e6 4. Be3 d6 5. Qd2 a6 6. Nge2 b5 7. f3 b4 8. Nd1 a5 9. Nc1 Qh4+ 
10. Nf2 h6 11. a3 c5 12. axb4 cxb4 13. c3 bxc3 14. Qxc3 Qd8 15. Bd3 Bd7 16. O-O Nc6 17. Ne2 Nge7 
18. Qd2 Rb8 19. Rab1 Rb4 20. Bc2 Qb8 21. b3 h5 22. Rfd1 Rb7 23. Nd3 O-O 24. Bh6 Rc8 25. Bxg7 Kxg7 
26. e5 dxe5 27. Nc5 Ra7 28. Ne4 exd4 29. Qg5 Qe5 30. Qd2 Nf5 31. Rbc1 Ne3 32. Re1 f5 33. f4 Qd5 
34. N2c3 dxc3 35. Qxc3+ Qd4 36. Rxe3 fxe4 37. Bxe4 Qxc3 38. Rcxc3 Nb4 39. Rxc8 Bxc8 40. Rg3 Kf8 
41. Rxg6 Rf7 42. g3 Nd5 43. Rh6 Nf6 44. Bg6 Kg7 45. Bxh5 Kxh6 46. Bxf7 Kg7 47. Bh5 Nxh5 48. Kf2 Bb7 
49. Ke3 Bd5 50. g4 Nf6 51. f5 Nxg4+ 52. Kf4 exf5 53. Kxf5 Bxb3 54. Ke4 Nxh2 55. Kd3 a4 56. Kc3 Kf6 
57. Kb2 Ke5 58. Ka1 Kd4 59. Kb2 Nf3 60. Ka3 Nd2 61. Kb2 Nc4+ 62. Kb1 a3 63. Ka1 0-1

[Event "XXXI Campeonato Regional Absoluto Individual"]
[Site "Museo del Vino - Jumilla 2016"]
[Date "2016.05.07"]
[Round "5.10"]
[White "Daniel Navarro Martínez"]
[Black "Manuel Giménez Gil"]
[WhiteElo "1932"]
[BlackElo "1727"]
[Result "1-0"]

1. e4 e5 2. Nf3 Nc6 3. Bb5 a6 4. Ba4 Nf6 5. Qe2 Bc5 6. c3 b5 7. Bc2 d6 8. O-O Bg4 9. h3 Bh5 
10. Rd1 Qd7 11. b4 Bb6 12. a4 O-O 13. d3 h6 14. a5 Ba7 15. Be3 Bxe3 16. Qxe3 Rfe8 17. Nbd2 Rad8 
18. g4 Bg6 19. Kh2 Ne7 20. Nf1 Bh7 21. Nh4 Ng6 22. Nxg6 Bxg6 23. Ng3 Kh7 24. Nf5 h5 25. Rg1 Rh8 
26. Qg5 Kg8 27. Bb3 Kf8 28. f3 c5 29. Rad1 cxb4 30. cxb4 Qa7 31. d4 exd4 32. Nxd4 d5 33. e5 Qc7 
34. Rc1 Nh7 35. Qf4 Qd7 36. Rc7 1-0

[Event "XXXI Campeonato Regional Absoluto Individual"]
[Site "Museo del Vino - Jumilla 2016"]
[Date "2016.05.07"]
[Round "5.11"]
[White "Juan José Reina Fernández"]
[Black "Pablo Jiménez Ruiz"]
[WhiteElo "1714"]
[BlackElo "1551"]
[WhiteTitle "AFM"]
[Result "1-0"]

1. e4 d5 2. exd5 Nf6 3. Bb5+ Nbd7 4. Nc3 a6 5. Ba4 b5 6. Bb3 Nb6 7. Nge2 Nbxd5 8. Nxd5 Nxd5 9. d4 Bb7 
10. O-O e6 11. f4 c5 12. c3 Bd6 13. f5 Qh4 14. h3 O-O 15. Bxd5 Bxd5 16. Bf4 Rad8 17. Bxd6 Qe4 18. Rf2 Rxd6 
19. dxc5 Rc6 20. b4 exf5 21. Nd4 Rg6 22. Qd2 Re8 23. Re2 Qxe2 24. Nxe2 Rxg2+ 25. Kf1 Bf3 26. Re1 g6 
27. Qd7 Re4 28. Nd4 Rxe1+ 29. Kxe1 Be4 30. c6 Rg1+ 31. Kf2 Rg2+ 32. Kf1 Rh2 33. c7 Rh1+ 34. Ke2 Rh2+ 
35. Ke3 Rxh3+ 36. Kf4 g5+ 37. Ke5 1-0

[Event "XXXI Campeonato Regional Absoluto Individual"]
[Site "Museo del Vino - Jumilla 2016"]
[Date "2016.05.07"]
[Round "5.12"]
[White "José Joaquín Sánchez Fernández"]
[Black "Francisco Javier Baños Cumbrera"]
[WhiteElo "1939"]
[BlackElo "1531"]
[Result "1-0"]

1. d4 d5 2. Nf3 Nf6 3. Bf4 e6 4. e3 Be7 5. Nbd2 O-O 6. Bd3 c5 7. c3 Nc6 8. Ne5 Qb6 9. Rb1 Rd8 10. Qf3 Bd6 
11. Qh3 g6 12. Ndf3 cxd4 13. exd4 Qc7 14. Nxc6 bxc6 15. Bg5 Be7 16. Qh4 Kg7 17. Ne5 Ng8 18. Nxf7 Bxg5 
19. Nxg5 h6 20. Nf3 Ne7 21. Ne5 Nf5 22. Qh3 h5 23. g4 Ne7 24. gxh5 Rh8 25. Rg1 Rh6 26. Bxg6 Nxg6 27. Rxg6+ Rxg6 
28. hxg6 Qd6 29. Qh7+ Kf6 30. Qf7+ Kg5 31. f4+ Kh4 32. Qh7# 1-0

[Event "XXXI Campeonato Regional Absoluto Individual"]
[Site "Museo del Vino - Jumilla 2016"]
[Date "2016.05.07"]
[Round "5.13"]
[White "Francisco Pérez García"]
[Black "Jaime Espadiña Solano"]
[WhiteElo "1537"]
[BlackElo "1736"]
[Result "1-0"]

1. e4 c5 2. Nf3 Nc6 3. c4 e5 4. Nc3 g6 5. d3 Bg7 6. Be3 d6 7. Be2 Nge7 8. Nd5 Nxd5 9. cxd5 Ne7 10. O-O O-O 
11. h3 b5 12. a3 a5 13. Qd2 f5 14. Bg5 f4 15. b4 Bf6 16. Bxf6 Rxf6 17. bxc5 dxc5 18. Nxe5 Qd6 19. Nf3 Rf8 
20. Rfc1 Bd7 21. Qc3 Rfc8 22. Qe5 Ra6 23. Qxd6 Rxd6 24. Ne5 Be8 25. Bg4 Rc7 26. a4 h5 27. Be6+ Rxe6 28. dxe6 bxa4 
29. d4 c4 30. Rxc4 Rxc4 31. Nxc4 Nc8 32. Nxa5 Nd6 33. f3 Kg7 34. d5 g5 35. Kf2 Bb5 36. Rc1 Kf6 37. Nc6 Nc4 
38. Nd4 Ba6 39. Ra1 Nb2 40. d6 Bb7 41. e5+ 1-0

[Event "XXXI Campeonato Regional Absoluto Individual"]
[Site "Museo del Vino - Jumilla 2016"]
[Date "2016.05.07"]
[Round "5.14"]
[White "Felix Sabater Sánchez"]
[Black "Juan Antonio Martínez Martínez"]
[WhiteElo "1988"]
[BlackElo "1680"]
[Result "1-0"]

1. d4 d5 2. c4 dxc4 3. Nc3 e5 4. Nf3 exd4 5. Nxd4 Nf6 6. Bg5 Bc5 7. e3 Bxd4 8. exd4 O-O 9. Bxc4 Nc6 
10. O-O Nxd4 11. Nd5 c5 12. Nxf6+ gxf6 13. Bh6 Re8 14. Qh5 Qe7 15. Rae1 Be6 16. Bd3 f5 17. Re3 Kh8 
18. Rfe1 Rg8 19. Bf4 f6 20. Bc4 Rg4 21. Rxe6 Nxe6 22. Rxe6 Qd7 23. Qxf5 Qg7 24. g3 Rf8 25. h3 Rg6 
26. Be2 Qd7 27. Qe4 f5 28. Be5+ Kg8 29. Rxg6+ hxg6 30. Bc4+ 1-0

[Event "XXXI Campeonato Regional Absoluto Individual"]
[Site "Museo del Vino - Jumilla 2016"]
[Date "2016.05.07"]
[Round "5.17"]
[White "José Alberto Caballero Frutos"]
[Black "Antonio Palao Morales"]
[WhiteElo "1639"]
[BlackElo "1637"]
[Result "1-0"]

1. e4 e6 2. d4 d5 3. e5 c5 4. c3 Nc6 5. Nf3 Qb6 6. a3 Bd7 7. b4 cxd4 8. cxd4 a5 9. b5 Na7 10. a4 Bb4+ 
11. Bd2 Rc8 12. Bd3 Ne7 13. O-O h6 14. Bxb4 axb4 15. Qb3 Qa5 16. Ra2 O-O 17. Rb2 Rc7 18. Qxb4 Qxb4 
19. Rxb4 b6 20. Rb3 Rfc8 21. a5 bxa5 22. b6 Rb7 23. Ba6 Rcb8 24. Bxb7 Nac6 25. Bxc6 Nxc6 26. Nc3 Nb4 
27. Ra1 Rxb6 28. Rxa5 Bc6 29. Na4 Rb8 30. Nc5 Kh7 31. Nd3 Na6 32. Rxb8 Nxb8 33. Nb4 1-0

[Event "XXXI Campeonato Regional Absoluto Individual"]
[Site "Museo del Vino - Jumilla 2016"]
[Date "2016.05.07"]
[Round "5.18"]
[White "Pedro Muñoz Candela"]
[Black "Pedro Salmerón Castro"]
[WhiteElo "1628"]
[BlackElo "1360"]
[Result "1-0"]

1. e4 e5 2. Nf3 Nc6 3. Bc4 Nf6 4. O-O Bc5 5. d3 h6 6. c3 d6 7. b4 Bb6 8. a4 a6 9. Qb3 Qe7 10. h3 Be6 
11. Be3 O-O 12. Nbd2 Rfd8 13. Bd5 Bxd5 14. exd5 Nb8 15. Bxb6 cxb6 16. Rfe1 Qd7 17. Re3 Nh5 18. Nc4 Qc7 
19. g3 Nd7 20. Kh2 f5 21. Nh4 Rf8 22. f4 exf4 23. gxf4 Rae8 24. Rxe8 Rxe8 25. Qd1 b5 26. Qxh5 bxc4 
27. Qxe8+ Kh7 28. Qg6+ Kh8 29. Re1 Nf6 30. d4 b5 31. Nxf5 bxa4 32. Re7 1-0